000
00251nam a22001097a 4500
082
_a
621.3192 MID'T
100
_a
MIDDELTON, R. G
_9
56169
245
_a
TEST EQUIPMENT CIRCUIT MANUAL
260
_a
NEWYORK
_b
HOWARD
_c
1963
300
_a
191P
942
_c
BK
999
_c
567766
_d
567766